00454nam a2200181 a 4500001001300000003000900013005001700022008004100039020001000080082001800090100001900108245003200127260002500159300000900184500003500193505002400228650002000252nice12345678IN_TiNIC20260116012913.0050524s1983 dela grp 000 0 eng  ac17500a305.6297bISR aIsrael, Milton aIslamic Society and Culture aDelhibManoharc1983 a383p aincludes index and biblioraphy2 aAppendix A, B And C aIslamic-Culture